Biorremediación de suelos contaminados con compuestos orgánicos persistentes COPS

Wedi'i Gadw mewn:
Manylion Llyfryddiaeth
Awduron Eraill: Navia Diez, Rodrigo (Golygydd), Seeger Pfeiffer, Michael (Golygydd)
Fformat: Llyfr
Iaith:Sbaeneg
Cyhoeddwyd: Santiago, Chile Universidad de la Frontera 2006
Pynciau:
Tagiau: Ychwanegu Tag
Dim Tagiau, Byddwch y cyntaf i dagio'r cofnod hwn!

MARC

LEADER 00000nam a2200000 a 4500
001 UCI3489
003 CL-VaPUC
005 20241118090258.0
008 071102e20060000CL |||||||||||||||||spa|d
999 |c 327659  |d 327657 
020 |a 9562361705 
040 |c Pontificia Universidad Católica de Valparaíso 
082 0 4 |a 628.55 NAV 2006  |2 21 
100 |a Navia Diez, Rodrigo  |e editor  |9 524828 
245 1 0 |a Biorremediación de suelos contaminados con compuestos orgánicos persistentes COPS 
260 0 3 |a Santiago, Chile  |b Universidad de la Frontera  |c 2006 
300 |a 225 páginas 
583 |a last modification  |c 20071102 00:00:00  |k Rodrigo Vera 
650 0 |a Contaminación de los suelos  |9 358436 
650 7 |a HIDROCARBUROS  |2 CL-VaPUC  |9 344783 
650 0 |a Solventes  |9 352268 
650 7 |a NUTRIENTES  |2 CL-VaPUC  |9 345765 
650 7 |a CONTAMINACION  |2 CL-VaPUC  |9 258139 
650 7 |a CONTROL DE LA CONTAMINACI0N  |2 CL-VaPUC  |9 524830 
650 0 |a Análisis de suelos   |9 524831 
650 7 |a INDUSTRIA QUIMICA  |2 CL-VaPUC  |9 524832 
700 |a Seeger Pfeiffer, Michael  |e editor  |9 873742 
942 |c BK  |2 ddc 
945 |d 20071102 00:00:00  |a jtorresc 
952 |0 0  |1 0  |2 ddc  |4 0  |6 628_550000000000000_NAV_2006  |7 0  |8 A  |9 410793  |a BIBCUR  |b BIBCUR  |d 2019-11-22  |i 4385594  |o 628.55 NAV 2006  |p 4385594  |r 2025-04-22  |t 1  |w 2019-11-22  |y BK  |k BIO